000 00328nam a2200133Ia 4500
005 20251222140040.0
008 251222s1900||||xx |||||||||||||| ||spa||
020 _a84-85803-66-3
082 _a250.88/M26
100 _a"Martínez Puche, José A.,ed."
245 0 _aEncíclicas de Juan Pablo II
250 _a7a.ed.
942 _cLIB
999 _c3245
_d3245